000 00832nam a2200265Ia 4500
003 OSt
005 20220918171021.0
006 a|||||r|||| 00| 0
007 ta
008 220917b |||||||| |||| 00| 0 eng d
020 _a9781137471116 (hbk)
_c5553.92
024 _a289,453
037 _b127, 22/03/2016, Mallika Books
_cTextual
040 _aARTS
_cARTS
_beng
041 _2eng
_aeng
082 _aY0aZ2, Q4
100 _aBest Steven
_922665
245 0 _apolitics of total liberation
_b Revolution for the 21st century
260 _aNew York
_bPalgrave Macmillan U.S.A.
_c2014
300 _axiv, 187p.
_ccm.
490 _aCritical political theory and radical practice
650 _aSOCIOLOGY
942 _hY0aZ2, Q4
_cTEXL
_2CC
999 _c137306
_d137306